Thuốc thú y và cách sử dụng

Sách cung cấp những kiến thức cơ bản về các loại thuốc thú y thường dùng nhất hiện nay, đặc biệt là các loại thuốc sản xuất trong nước của các hãng thuốc có tên tuổi, chất lượng sản phẩm tốt, ổn định. Ngoài ra, sách còn hướng dẫn...

Celý popis

Uloženo v:
Podrobná bibliografie
Hlavní autor: Nguyễn Đức Lưu
Médium: Kniha
Jazyk:Undetermined
Vydáno: Hà Nội Nông Nghiệp 1997
Témata:
Tagy: Přidat tag
Žádné tagy, Buďte první, kdo otaguje tento záznam!
Thư viện lưu trữ: Trung tâm Học liệu Trường Đại học Cần Thơ
LEADER 01098nam a2200181Ia 4500
001 CTU_29837
008 210402s9999 xx 000 0 und d
082 |a 636.089 
082 |b L656 
100 |a Nguyễn Đức Lưu 
245 0 |a Thuốc thú y và cách sử dụng 
245 0 |c Nguyễn Đức Lưu, Nguyễn Hữu Vũ 
260 |a Hà Nội 
260 |b Nông Nghiệp 
260 |c 1997 
520 |a Sách cung cấp những kiến thức cơ bản về các loại thuốc thú y thường dùng nhất hiện nay, đặc biệt là các loại thuốc sản xuất trong nước của các hãng thuốc có tên tuổi, chất lượng sản phẩm tốt, ổn định. Ngoài ra, sách còn hướng dẫn sử dụng một số thuốc, các chế phẩm đặc biệt, các vaccine Việt Nam chưa sản xuất phải nhập từ nước ngoài 
650 |a veterinary medicine,veterynary drugs 
980 |a Trung tâm Học liệu Trường Đại học Cần Thơ